00257nam a2200121Ia 45000030006000000080041000060400015000471000020000622450015000822600009000975460012001060050017001180STCL150530s9999 xx 000 0 und d aSTCLcSTCL aWodehouse, P.G. aPothunters c1933 aEnglish20220125171034.0